000
00260nam a2200109 a 4500
005
20140414132033.0
008
110322s19uu xx 00 eng d
050
_a
TR
_b
L78 991
100
_a
Adamson, Linda
245
_a
Love to learn songbook.
999
_c
113667
_d
113667